000 00548nam a2200205Ia 4500
003 OSt
005 20250314102238.0
008 210210b1985 xxu||||| |||| 00| 0 eng d
040 _cAL
041 _aEnglish
082 _a658 SHEE
100 _aSHERLEKAR (S A).
_9206345
245 _aEssentials of business organisation and management.
260 _aBombay.
_bHimalaya Publishing House
_c1985
300 _axii,486
650 _aBusiness Organisation, Management
_9206346
690 _aManagemen
_9206347
906 _a03914
942 _2ddc
_cBK
999 _c89239
_d89239